<?xml version="1.0" encoding="UTF-8"?>
<record
    xmlns:xsi="http://www.w3.org/2001/XMLSchema-instance"
    xsi:schemaLocation="http://www.loc.gov/MARC21/slim http://www.loc.gov/standards/marcxml/schema/MARC21slim.xsd"
    xmlns="http://www.loc.gov/MARC21/slim">

  <leader>00642nam a22002297a 4500</leader>
  <controlfield tag="005">20190115111655.0</controlfield>
  <controlfield tag="008">190115b        xxu||||| |||| 00| 0 eng d</controlfield>
  <datafield tag="020" ind1=" " ind2=" ">
    <subfield code="a">0-412-07701-9</subfield>
  </datafield>
  <datafield tag="040" ind1=" " ind2=" ">
    <subfield code="a">BUAC</subfield>
    <subfield code="c">BUC</subfield>
    <subfield code="d">Fr</subfield>
  </datafield>
  <datafield tag="041" ind1=" " ind2=" ">
    <subfield code="a">Fre</subfield>
  </datafield>
  <datafield tag="100" ind1=" " ind2=" ">
    <subfield code="a">Lovell, Tom</subfield>
  </datafield>
  <datafield tag="245" ind1=" " ind2=" ">
    <subfield code="a">Nutrition and Feeding Of Fish </subfield>
    <subfield code="c">/ par Tom Lovell</subfield>
  </datafield>
  <datafield tag="250" ind1=" " ind2=" ">
    <subfield code="a">2&#xE8; &#xE9;d.</subfield>
  </datafield>
  <datafield tag="260" ind1=" " ind2=" ">
    <subfield code="a">Boston :</subfield>
    <subfield code="b">kluwer Academic Publishers,</subfield>
    <subfield code="c">1998</subfield>
  </datafield>
  <datafield tag="300" ind1=" " ind2=" ">
    <subfield code="a">267 p.</subfield>
    <subfield code="b">Couv.ill.en  coul</subfield>
    <subfield code="c">24 cm</subfield>
  </datafield>
  <datafield tag="500" ind1=" " ind2=" ">
    <subfield code="a">Index. pp.(265 -267)</subfield>
  </datafield>
  <datafield tag="630" ind1=" " ind2=" ">
    <subfield code="a">SCIENCES APPLIQUEES TECHNIQUE</subfield>
  </datafield>
  <datafield tag="650" ind1=" " ind2=" ">
    <subfield code="a">AQUACULTURE</subfield>
  </datafield>
  <datafield tag="651" ind1=" " ind2=" ">
    <subfield code="a">Alimentation :animale</subfield>
  </datafield>
  <datafield tag="651" ind1=" " ind2=" ">
    <subfield code="a">NUTRITION</subfield>
  </datafield>
  <datafield tag="942" ind1=" " ind2=" ">
    <subfield code="c">LBA</subfield>
  </datafield>
  <datafield tag="999" ind1=" " ind2=" ">
    <subfield code="c">57937</subfield>
    <subfield code="d">57937</subfield>
  </datafield>
  <datafield tag="952" ind1=" " ind2=" ">
    <subfield code="0">0</subfield>
    <subfield code="1">0</subfield>
    <subfield code="4">0</subfield>
    <subfield code="7">0</subfield>
    <subfield code="a">BUAC</subfield>
    <subfield code="b">BUAC</subfield>
    <subfield code="c">R&#xE9;serve</subfield>
    <subfield code="d">2019-01-15</subfield>
    <subfield code="e">DON ARES</subfield>
    <subfield code="f">18/432</subfield>
    <subfield code="l">0</subfield>
    <subfield code="o">639.3.043 LOV</subfield>
    <subfield code="p">18-432Buc</subfield>
    <subfield code="r">2019-01-15 00:00:00</subfield>
    <subfield code="t">1</subfield>
    <subfield code="w">2019-01-15</subfield>
    <subfield code="y">LBA</subfield>
  </datafield>
</record>
